Văn học dân gian huyện Nam Đông tỉnh Thừa Thiên Huế
Sơ lược vài nét về vùng văn học dân gian huyện Nam Đông tỉnh Thừa Thiên Huế. Giới thiệu các thể loại văn học dân gian đặc sắc của vùng: Ca dao, câu đố, dân ca, đồng dao...
Guardado en:
| Autor principal: | |
|---|---|
| Formato: | Libro |
| Lenguaje: | Vietnamese |
| Publicado: |
H.
Khoa học xã hội
2015
|
| Materias: | |
| Etiquetas: |
Agregar Etiqueta
Sin Etiquetas, Sea el primero en etiquetar este registro!
|
| Thư viện lưu trữ: | Mạng thư viện Đại học Đà Nẵng |
|---|
| LEADER | 01943aam a22004458a 4500 | ||
|---|---|---|---|
| 001 | 000023905 | ||
| 003 | 20358 | ||
| 005 | 20160505080528.0 | ||
| 008 | 160504s2015 viesd | ||
| 020 | |d 2000b | ||
| 041 | 0 | |a vie | |
| 082 | 0 | 4 | |2 23 |a 398.20959749 |b TR-P |
| 100 | 1 | |a Trần Nguyễn Khánh Phong | |
| 245 | 1 | 0 | |a Văn học dân gian huyện Nam Đông tỉnh Thừa Thiên Huế |c Trần Nguyễn Khánh Phong b.s., s.t. |
| 260 | |a H. |b Khoa học xã hội |c 2015 | ||
| 300 | |a 431 tr. |c 21 cm. | ||
| 500 | |a ĐTTS ghi: Hội Văn nghệ dân gian Việt Nam | ||
| 504 | |a Thư mục: tr. 425-426 | ||
| 520 | |a Sơ lược vài nét về vùng văn học dân gian huyện Nam Đông tỉnh Thừa Thiên Huế. Giới thiệu các thể loại văn học dân gian đặc sắc của vùng: Ca dao, câu đố, dân ca, đồng dao... | ||
| 600 | |1 7 | ||
| 650 | 0 | 4 | |2 Bộ TK TVQG |a Văn học dân gian |x Nghiên cứu |z Thừa Thiên Huế |
| 651 | 7 | |2 Bộ TK TVQG |a Thừa Thiên-Huế | |
| 655 | 7 | |2 Bộ TK TVQG |a Câu đố | |
| 655 | 7 | |2 Bộ TK TVQG |a Vè | |
| 655 | 7 | |2 Bộ TK TVQG |a Tục ngữ | |
| 655 | 7 | |2 Bộ TK TVQG |a Truyện kể | |
| 655 | 7 | |2 Bộ TK TVQG |a Dân ca | |
| 655 | 7 | |2 Bộ TK TVQG |a Ca dao | |
| OWN | |a LSP | ||
| AVA | |a UDN50 |b LNN |d 895.922 TR-P |e available |t Error 5001 Not defined in file expand_doc_bib_avail. |f 1 |g 0 |h N |i 0 | ||
| AVA | |a UDN50 |b LSP |d 398.20959749 TR-P |e available |t Error 5001 Not defined in file expand_doc_bib_avail. |f 1 |g 0 |h N |i 0 |k 1 | ||
| 999 | |a From the UDN01 | ||
| AVA | |a UDN50 |b LNN |d 895.922 TR-P |e available |t Error 5001 Not defined in file expand_doc_bib_avail. |f 1 |g 0 |h N |i 0 | ||
| AVA | |a UDN50 |b LSP |d 398.20959749 TR-P |e available |t Error 5001 Not defined in file expand_doc_bib_avail. |f 1 |g 0 |h N |i 0 |k 1 | ||
| TYP | |a Monograph | ||
| TYP | |a Printed language | ||
| 980 | |a Mạng thư viện Đại học Đà Nẵng | ||